000 00658nam a2200217 i 4500
001 123301
003 ES-MaACL
005 20230906192140.0
007 t|
008 070214s1985 sp r ||||0| spa d
020 _a84-7085-126-8
100 1 _aQuesada Paloma, Vicente.
_994569
245 1 0 _aCurso básico de cálculo de probabilidades /
_cVicente Quesada Paloma, Alfonso García Pérez.
260 _aMadrid :
_bICE,
_c1985.
300 _a652 p ;
_c23 cm.
490 1 _aMatemática actual
700 1 _aGarcía Pérez, Alfonso.
_955102
830 0 _aMatemática actual
_9184017
852 _aES-MaACL
_jL-8536
_bR.108879
999 _c123301
_d123301